[Event "National Congress 29th"]
[Site "Philadelphia"]
[Date "1998.11.27"]
[Round "1"]
[White "Ivanov, Alexander"]
[Black "Hoekstra, Matthew"]
[Result "1/2-1/2"]
[WhiteElo "2510"]
[BlackElo "2125"]

1.e4 c5 2.Nf3 Nc6 3.d4 cxd4 4.Nxd4 g6 5.c4 Bg7 6.Be3 Nf6 7.Nc3 Ng4 8.Qxg4 Nxd4
9.Qd1 e5 10.Be2 O-O 11.O-O a6 12.Rc1 d6 13.Bg4 Be6 14.Bxe6 fxe6 15.Ne2 Qb6
16.Rc2 Rac8 17.Bxd4 exd4 18.Nc1 Qc6 19.Qg4 Rce8 20.Nd3 d5 21.exd5 exd5 22.b3 Re4
23.Qd1 dxc4 24.Rxc4 Qd6 25.Re1 Rxe1+ 26.Qxe1 b5 27.Rc5 h6 28.Qe4 Rf6 29.h4 Re6
30.Rc8+ Kh7 31.Qb7 Re7 32.Qf3 Rc7 33.Rxc7 Qxc7 34.Qe2 a5 35.a4 bxa4 36.bxa4 Qc4
37.Qd1 Qd5 38.g3 Qc4 39.Nb2 Qc3 40.Nd3 Qc4 41.Kg2 Bh8 42.Nf4 Be5 43.Qd3 Qc6+
44.Qf3 Qc7 45.Ne6 Qe7 46.Qd5 Bg7 47.Nxd4 Bxd4 48.Qxd4 Qb7+ 49.Kh2 Qc7 50.Qd5 h5
51.Kg2 Kh6 52.Kf3 Kh7 53.Qd4 Qc6+ 54.Kf4 Qc7+ 55.Ke4 Qe7+ 56.Kd3 Qa3+ 57.Ke2 Qe7+
58.Kd2 Qc7 59.Kd3 Qb7 60.Ke2 Qe7+ 61.Kf3 Qb7+ 62.Qe4 Qf7+ 63.Ke3 Qb3+ 64.Kf4 Qb8+
65.Kf3 Qf8+ 66.Kg2 Qf7 67.Qc6 Qe7 68.Qd5 Qc7 69.Qb5 Kh8 70.Kf3 Kh7 71.Qe8 Qc3+
72.Qe3 Qc6+ 73.Qe4 Qf6+ 74.Qf4 Qc6+ 75.Ke2 Qc2+ 76.Kf1 Qd1+ 77.Kg2 Qd5+ 78.Kh2 Qd7
79.Qc4 Qa7 80.Kg1 Qe7 81.Kf1 Qb7 82.Ke2 Qe7+ 83.Kd3 Qd6+ 84.Qd4 Qa6+ 85.Ke4 Qe6+
86.Kf4 Qf7+ 87.Ke5 Qe7+ 88.Kd5 Qb7+ 89.Kc5 Qa7+ 90.Kd5 Qb7+  1/2-1/2

[Event "Eastern op"]
[Site "Washington DC"]
[Date "1998.12.28"]
[Round "6"]
[White "Kaufman, Larry C"]
[Black "Ivanov, Alexander"]
[Result "1/2-1/2"]
[WhiteElo "2400"]
[BlackElo "2510"]

1.d4 g6 2.e4 Bg7 3.Nf3 d6 4.Be3 Nf6 5.Nc3 a6 6.Qd2 b5 7.Bd3 Bb7 8.Bh6 Bxh6
9.Qxh6 Nbd7 10.O-O e5 11.dxe5 dxe5 12.Rfd1 Ng4 13.Qg7 Qf6 14.Qxf6  1/2-1/2

[Event "Atlantic op"]
[Site "Washington"]
[Date "1998.??.??"]
[Round "1"]
[White "Fink, Stanley"]
[Black "Ivanov, Alexander"]
[Result "0-1"]
[WhiteElo "2200"]
[BlackElo "2510"]

1.e4 g6 2.Nc3 Bg7 3.Bc4 c5 4.Qf3 e6 5.Nb5 d6 6.Qg3 Ke7 7.d4 a6 8.Nxd6 Qxd6
9.Bf4 Qxd4 10.Ne2 Qxc4 11.Bxb8 Nf6 12.Rd1 Bd7 13.Qd6+ Ke8 14.Nc3 a5 15.Qc7 Bf8
16.Rd3 Be7 17.O-O Kf8 18.Rfd1 Bc6 19.b3 Qa6 20.Qe5 Rxb8 21.Qxb8+ Kg7 22.Qe5 Re8
23.Rf3 Qa7 24.g4 Qb8 25.Qg5 Nxe4 26.Qe3 Nf6 27.Rh3 Nxg4 28.Qe2 h5 29.f3 Nf6
30.Rg3 Bd6 31.Rg2 Be5 32.Nb1 Nd5 33.Qf1 Ne3  0-1

[Event "Eastern Open"]
[Site "Washington DC USA"]
[Date "1999.12.26"]
[Round "1"]
[White "Ivanov,AV"]
[Black "Benen,S"]
[Result "1/2-1/2"]
[WhiteElo "2515"]
[BlackElo "2127"]

1.e4 e5 2.Nf3 Nc6 3.Bb5 d6 4.d4 exd4 5.Nxd4 Bd7 6.Nc3 g6 7.Be3 Bg7 8.Qd2 Nf6
9.Bxc6 bxc6 10.Bh6 Bxh6 11.Qxh6 Ng4 12.Qd2 Rb8 13.O-O-O Ne5 14.b3 c5 15.Nde2 O-O
16.f4 Ng4 17.Ng3 Bc6 18.h3 Nf6 19.Rhe1 Re8 20.e5 dxe5 21.Qxd8 Rbxd8 22.Rxd8 Rxd8
23.fxe5 Nd7 24.e6 fxe6 25.Rxe6 Bxg2 26.h4 Kf7 27.Ra6 Rb8 28.Rxa7 Rb7 29.Ra4 Rb4  1/2-1/2

[Event "Chesswise International"]
[Site "Stratton Mountain USA"]
[Date "2000.07.13"]
[Round "5"]
[White "Donaldson,J"]
[Black "Ivanov,AV"]
[Result "1/2-1/2"]
[WhiteElo "2396"]
[BlackElo "2567"]

1.Nf3 b6 2.g3 Bb7 3.Bg2 d5 4.O-O g6 5.d4 Bg7 6.c4 e6 7.cxd5 exd5 8.Nc3 Ne7
9.Bf4 O-O 10.Rc1 Na6 11.Qa4 c6 12.b4 Nc7 13.Be5 f6 14.Bxc7 Qxc7 15.Qb3 Qd7
16.b5  1/2-1/2

[Event "Continental Open"]
[Site "Los Angeles USA"]
[Date "2000.07.29"]
[Round "6"]
[White "Sadvakasov,D"]
[Black "Ivanov,AV"]
[Result "1/2-1/2"]
[WhiteElo "2509"]
[BlackElo "2567"]

1.e4 e5 2.Nf3 Nc6 3.d4 exd4 4.Nxd4 Nf6 5.Nxc6 bxc6 6.e5 Qe7 7.Qe2 Nd5 8.c4 Nb6
9.Nc3 Ba6 10.Qe4 f6 11.exf6 gxf6 12.Qxe7+ Bxe7 13.b3 O-O-O 14.Bb2 d5 15.cxd5 Bxf1
16.Rxf1 cxd5 17.O-O-O Rhe8 18.Nb5 Kb7 19.Rfe1 Bb4 20.Rxe8 Rxe8 21.Bxf6 Re2
22.a3 Bf8 23.Bd4 c6 24.Nc3 Bxa3+ 25.Kb1 Rb2+ 26.Ka1 Rc2 27.Kb1 Rb2+ 28.Ka1 Rc2  1/2-1/2

[Event "I American Continental"]
[Site "Cali COL"]
[Date "2001.08.12"]
[Round "3"]
[White "Cabrera,A"]
[Black "Ivanov,AV"]
[Result "0-1"]
[WhiteElo "2415"]
[BlackElo "2573"]

1.e4 c5 2.f4 Nc6 3.Nc3 e6 4.Nf3 Nge7 5.d4 cxd4 6.Nxd4 Nxd4 7.Qxd4 Nc6 8.Qf2 d5
9.Bd3 Be7 10.O-O O-O 11.Rd1 d4 12.Ne2 e5 13.fxe5 Nxe5 14.Qxd4 Qc7 15.Be3 Ng4
16.Bf4 Qc6 17.Qc4 Bc5+ 18.Kf1 Be6 19.Qb5 Qc8 20.c3 a6 21.Qa4 b5 22.Qc2 Be3
23.h3 Bxf4 24.hxg4 Be5 25.g5 Qc5 26.Ng1 f6 27.g6 hxg6 28.Qf2 Qc7 29.Nf3 Bd7
30.Nd4 g5 31.Bc2 g6 32.Bb3+ Kg7 33.Ne6+ Bxe6 34.Bxe6 Rad8 35.Qf3 b4 36.cxb4 Bxb2
37.Rab1 Qe5 38.Bh3 Bd4 39.g3 f5 40.exf5 gxf5 41.Re1 Qf6 42.Bg2 g4 43.Qe2 Rde8
44.Qxe8 Rxe8 45.Rxe8 f4 46.Rbe1 fxg3+ 47.Ke2 Qf2+ 48.Kd3 Bf6 49.R1e2 Qd4+
50.Kc2 Qb2+ 51.Kd3  0-1

[Event "III Millennium"]
[Site "Virginia Beach USA"]
[Date "2002.03.02"]
[Round "3"]
[White "Ivanov,AV"]
[Black "Rouleau,J"]
[Result "1-0"]
[WhiteElo "2578"]
[BlackElo "2144"]

1.e4 e6 2.d4 d5 3.Nd2 c5 4.exd5 Qxd5 5.Ngf3 cxd4 6.Bc4 Qd6 7.Qe2 Nf6 8.Nb3 Nc6
9.Bg5 Be7 10.O-O-O a6 11.Nbxd4 Nxd4 12.Rxd4 Qc7 13.Rhd1 O-O 14.Ne5 h6 15.Bf4 Qa5
16.Kb1 Bc5 17.R4d3 b5 18.Bb3 Qb6 19.Bxh6 gxh6 20.Rg3+ Kh8 21.Qf3 Be7 22.Qxa8 Bb7
23.Nxf7+ Kh7 24.Bxe6 Qxe6 25.Qxb7 Qxf7 26.Qxa6 Qh5 27.Re1 Bb4 28.c3 Bc5 29.Qxb5 Rf7
30.Qd3+ Kh8 31.Rf3 Kg7 32.Qf5 Qxf5+ 33.Rxf5 Bd6 34.h3 Kg6 35.g4 h5 36.Re6 Bb8
37.Rb5 Bc7 38.g5  1-0

[Event "National Open"]
[Site "Las Vegas USA"]
[Date "2002.03.10"]
[Round "6"]
[White "Ivanov,AV"]
[Black "Ashton,J"]
[Result "1-0"]
[WhiteElo "2578"]
[BlackElo "2166"]

1.e4 c5 2.Nf3 Nc6 3.d4 cxd4 4.Nxd4 g6 5.Nc3 Bg7 6.Be3 Nf6 7.Bc4 Qa5 8.Nb3 Qc7
9.O-O O-O 10.Bg5 Qb8 11.Re1 d6 12.Nd5 Be6 13.a4 Re8 14.c3 Qd8 15.a5 a6 16.Be3 Bxd5
17.exd5 Ne5 18.Bf1 Ned7 19.g3 Qc7 20.Bg2 Rac8 21.Nd4 Ne5 22.Qa4 Nc4 23.Bc1 Ne5
24.Re2 Qc5 25.Qd1 Qc7 26.Bd2 Nc4 27.Be1 Ne5 28.b3 Ned7 29.c4 Ne5 30.h3 Ned7
31.Rc1 Bh6 32.Rcc2 Ne5 33.f4 Ned7 34.b4 Qb8 35.Bf2 Bf8 36.g4 Rc7 37.Bf3 Rec8
38.Qd3 Ne8 39.h4 Bh6 40.g5 Bg7  1-0

[Event "CCA/ICC"]
[Site "Stratton Mt USA"]
[Date "2004.06.09"]
[Round "2"]
[White "Ivanov,AV USA"]
[Black "Rizzitano,J"]
[Result "1-0"]
[WhiteElo "2544"]
[BlackElo "2395"]

1.e4 c5 2.Nf3 e6 3.g3 Nc6 4.Bg2 Nf6 5.Qe2 d6 6.O-O Be7 7.c3 O-O 8.Rd1 Bd7
9.d4 cxd4 10.cxd4 d5 11.e5 Ne4 12.Ne1 Qb6 13.Be3 f5 14.f3 Ng5 15.Nc3 Rac8
16.Rac1 Na5 17.Nd3 Bb5 18.Nxb5 Qxb5 19.b3 h6 20.Qd2 b6 21.h4 Nf7 22.Bf1 Ba3
23.Rb1 Qd7 24.Nf4 Nd8 25.Bd3 Be7 26.Rdc1 Rxc1+ 27.Rxc1 Kf7 28.Kg2 Qb7 29.Rh1 Nac6
30.Bb1 Ke8 31.Ng6 Rf7 32.Bd3 a6 33.h5 Bb4 34.Qe2 Nb8 35.g4 fxg4 36.fxg4 Ndc6
37.Rc1 Ba3 38.Rd1 Nb4 39.Bb1 Qc6 40.Nh8 Rf8 41.Ng6 Rf7 42.g5 hxg5 43.Bxg5 Qc3
44.Nf4 Kd7 45.Nxe6 Qb2 46.Qxb2 Bxb2 47.Nf4  1-0

[Event "CCA/ICC"]
[Site "Stratton Mt USA"]
[Date "2004.06.09"]
[Round "3"]
[White "Winer,S"]
[Black "Ivanov,AV USA"]
[Result "1/2-1/2"]
[WhiteElo "2335"]
[BlackElo "2544"]

1.d4 b6 2.e4 Bb7 3.Bd3 Nf6 4.Qe2 Nc6 5.Nf3 Nb4 6.Nc3 Nxd3+ 7.Qxd3 d6 8.Bg5 e6
9.O-O-O Be7 10.h4 a6 11.d5 e5 12.Bxf6 Bxf6 13.g4 Be7 14.Kb1 Bc8 15.Rdg1 Bd7
16.Nd1 b5 17.Ne3 Qb8 18.c3 Qb6 19.h5 g6 20.Rh2 O-O-O 21.Rgh1 Rhg8 22.hxg6 hxg6
23.Rh7  1/2-1/2

[Event "CCA/ICC"]
[Site "Stratton Mt USA"]
[Date "2004.06.11"]
[Round "6"]
[White "Ivanov,AV USA"]
[Black "Blatny,P"]
[Result "1-0"]
[WhiteElo "2544"]
[BlackElo "2451"]

1.e4 e5 2.Nc3 Nf6 3.g3 h5 4.Nf3 Bc5 5.Nxe5 Qe7 6.d4 d6 7.Nxf7 Nxe4 8.Qe2 O-O
9.Nxe4 Bg4 10.f3 Nc6 11.c3  1-0

[Event "32nd World Open"]
[Site "Philadelphia USA"]
[Date "2004.07.02"]
[Round "2"]
[White "Ivanov,AV USA"]
[Black "Ippolito,D"]
[Result "1-0"]
[WhiteElo "2565"]
[BlackElo "2387"]

1.Nf3 c5 2.e4 Nc6 3.d4 cxd4 4.Nxd4 Nf6 5.Nc3 e6 6.Ndb5 d6 7.Bf4 e5 8.Bg5 a6
9.Na3 b5 10.Bxf6 gxf6 11.Nd5 f5 12.c3 Bg7 13.Bd3 Be6 14.Qh5 O-O 15.O-O fxe4
16.Bxe4 f5 17.Nf4 exf4 18.Bxc6 Rc8 19.Qe2 Qf6 20.Bb7 Rce8 21.Rfe1 Qf7 22.Qf3 b4
23.Nc2 bxc3 24.bxc3 Bxc3 25.Qxc3 Qxb7 26.Nd4 Bd5 27.Rxe8 Rxe8 28.Nxf5 Re6
29.Rc1 Qf7 30.Qd3 Be4 31.Rc8+ Re8 32.Nh6+ Kg7 33.Nxf7 Rxc8 34.Qd2 Kxf7 35.Qxf4+ Kg7
36.Qg4+  1-0

[Event "31st Eastern Open"]
[Site "Washington DC USA"]
[Date "2004.12.28"]
[Round "5"]
[White "Smetankin,S"]
[Black "Ivanov,AV USA"]
[Result "1/2-1/2"]
[WhiteElo "2471"]
[BlackElo "2582"]

1.e4 e5 2.Nf3 Nc6 3.d4 exd4 4.Nxd4 Bb4+ 5.Nc3 Nf6 6.Nxc6 bxc6 7.Bd3 d5 8.exd5 cxd5
9.O-O O-O 10.Bg5 c6 11.Qf3 h6 12.Bxf6 Qxf6  1/2-1/2

[Event "31st Eastern Open"]
[Site "Washington DC USA"]
[Date "2004.12.28"]
[Round "6"]
[White "Ivanov,AV USA"]
[Black "Rubenchik,R"]
[Result "1-0"]
[WhiteElo "2582"]
[BlackElo "2356"]

1.e4 c6 2.d4 d5 3.e5 Bf5 4.Be3 e6 5.Nd2 Nd7 6.Ngf3 Ne7 7.Be2 Bg6 8.Nh4 Nf5
9.Nxf5 Bxf5 10.O-O f6 11.f4 fxe5 12.fxe5 Be7 13.Bh5+ g6 14.Be2 Bg5 15.Bf2 h5
16.Nf3 Be7 17.Qd2 h4 18.h3 Nf8 19.Be3 Nh7 20.c4 dxc4 21.Bxc4 Qd7 22.Rac1 O-O-O
23.Qa5 b6 24.Qe1 g5 25.d5 exd5 26.Bb5 Kb8 27.Bxc6 Qc8 28.Nd4  1-0

[Event "31st Eastern Open"]
[Site "Washington DC USA"]
[Date "2004.12.29"]
[Round "8"]
[White "Ivanov,AV USA"]
[Black "Shibut,M"]
[Result "1-0"]
[WhiteElo "2582"]
[BlackElo "2315"]

1.e4 Nc6 2.d4 d5 3.Nc3 Nf6 4.e5 Nd7 5.Nf3 Nb6 6.h3 Bf5 7.Nh4 e6 8.Nxf5 exf5
9.Bb5 Qd7 10.Na4 Nxa4 11.Bxa4 O-O-O 12.Qd3 g6 13.Bg5 Re8 14.O-O Be7 15.Be3 Qe6
16.c3 Kb8 17.b4 Rc8 18.Bb3 Qd7 19.f4 Nd8 20.b5 Ne6 21.c4 c6 22.bxc6 bxc6
23.cxd5 cxd5 24.Rab1 Ka8 25.Qa6 Rc7 26.Rfc1 Rxc1+ 27.Rxc1 Nc7 28.Qa5 Bd8
29.Ba4 Ne6 30.Qa6 Qe7  1-0

[Event "7th Foxwoods Open"]
[Site "Connecticut USA"]
[Date "2005.03.24"]
[Round "3"]
[White "Fang,J"]
[Black "Ivanov,AV USA"]
[Result "1/2-1/2"]
[WhiteElo "2322"]
[BlackElo "2590"]

1.Nf3 b6 2.g3 Bb7 3.Bg2 e5 4.O-O d6 5.c4 Nd7 6.Nc3 g6 7.d4 Bg7 8.e4 Ngf6
9.d5 O-O 10.Ne1 a5 11.Be3 Nc5 12.Rb1 Bc8 13.f3 Bd7 14.b3 Nh5 15.a3 f5 16.b4 axb4
17.axb4 Na4 18.Nxa4 Bxa4 19.Qd2 f4 20.Bf2 fxg3 21.hxg3 Bd7 22.Nd3 g5 23.c5 Bb5
24.Ra1 Qf6 25.Rxa8 Rxa8 26.cxb6 cxb6 27.Rc1 Qf7 28.g4 Bxd3 29.gxh5 Bb5 30.Qxg5 Kh8
31.Qf5 Qxf5 32.exf5 Bh6 33.Rc7 Bf4 34.Bh4 Ra1+ 35.Kf2 Ra2+ 36.Kg1  1/2-1/2

[Event "33rd World Open"]
[Site "Philadelphia USA"]
[Date "2005.06.29"]
[Round "2"]
[White "Formanek,E"]
[Black "Ivanov,AV USA"]
[Result "0-1"]
[WhiteElo "2304"]
[BlackElo "2563"]

1.e4 b6 2.d4 Bb7 3.f3 d5 4.e5 c5 5.c3 e6 6.f4 Ne7 7.Nf3 Nf5 8.Be2 h5 9.Na3 cxd4
10.Nxd4 Nxd4 11.cxd4 Bxa3 12.bxa3 g6 13.O-O Qd7 14.a4 Ba6 15.Bxa6 Nxa6 16.Ba3 Rc8
17.Rc1 Rc4 18.Rxc4 dxc4 19.Bd6 Nc7 20.Qe2 Nd5 21.Rc1 c3 22.Qc4 f5 23.Kf2 Kf7
24.Qb5 Qxb5 25.axb5 Rc8 26.g3 Rc4 27.Rc2 Rxd4  0-1

[Event "65th New England Open"]
[Site "Boxborough USA"]
[Date "2005.09.03"]
[Round "1"]
[White "Ivanov,AV USA"]
[Black "Enkin,M"]
[Result "1-0"]
[WhiteElo "2566"]
[BlackElo "2211"]

1.e4 c6 2.d3 d5 3.Nd2 e5 4.Ngf3 Bd6 5.g3 Bg4 6.Bg2 Ne7 7.h3 Bxf3 8.Nxf3 O-O
9.O-O f5 10.c4 fxe4 11.dxe4 dxc4 12.Qc2 b5 13.b3 Nd7 14.bxc4 b4 15.c5 Nxc5
16.Rd1 Qc7 17.Be3 Nb7 18.Ng5 Nd8 19.Bf1 h6 20.Bc4+ Kh8 21.Qe2 Ng8 22.Nf3 Nf6
23.Nh4 Kh7 24.Nf5 Be7 25.Rac1 Nxe4 26.Nxe7 Qxe7 27.Qc2  1-0

[Event "65th New England Open"]
[Site "Boxborough USA"]
[Date "2005.09.04"]
[Round "4"]
[White "Vigorito,D"]
[Black "Ivanov,AV USA"]
[Result "0-1"]
[WhiteElo "2360"]
[BlackElo "2566"]

1.d4 b6 2.e4 Bb7 3.Bd3 Nf6 4.Qe2 Nc6 5.c3 e5 6.Nf3 d6 7.d5 Nb8 8.c4 g6 9.Nc3 Bg7
10.O-O O-O 11.Bg5 h6 12.Bxf6 Bxf6 13.b4 Nd7 14.Nd2 Bg5 15.Nb3 c6 16.a4 c5
17.bxc5 bxc5 18.Rfb1 a6 19.Qc2 Rb8 20.Nd2 Qc7 21.Nf3 Be7 22.Rb3 Ba8 23.Rab1 Rxb3
24.Rxb3 Rb8 25.Rxb8+ Qxb8 26.Na2 Bd8 27.h3 Qb6 28.Qc3 Bb7 29.Nd2 Bc8 30.Nb3 Nf6
31.Bc2 Nh5 32.Kf1 Bd7 33.a5 Qb7 34.Nac1 Nf4 35.Ne2 Bc8 36.Qf3 Nh5 37.Ng3 Ng7
38.Qe3 Bg5 39.Qc3 h5 40.Ne2 h4 41.Nec1 Bd8 42.Qe3 Nh5 43.Bd1 Nf4 44.Ne2 Bg5
45.Nxf4 exf4 46.Qc3 Qe7 47.Bg4 Bxg4 48.hxg4 Qxe4 49.Nd2 Qe7 50.Qd3 Bf6 51.Ne4 Bd4
52.Qf3 Qe5 53.g5 Kg7 54.Kg1 Ba1 55.Qd3 Qe7 56.Qb1 Bd4 57.Qd3 Qd8 58.Qb1 Qxa5
59.Nxd6 Qd8 60.Ne4 a5 61.d6 a4 62.Qb5 a3 63.Qa4 Qb8 64.d7 Qc7 65.Qxa3 Qxd7
66.Qd3 Qe6 67.Kh2 f3 68.Qxf3 Qxc4 69.Kh3 Qe6+ 70.Kxh4 c4 71.Qe2 Bxf2+ 72.Qxf2 Qxe4+
73.g4 Qe5 74.Qc2 Qe1+ 75.Kh3 c3 76.Qd3 Qe5 77.Qc2 Qe3+ 78.Kh4 Qe1+ 79.Kh3 Qd2
80.Qe4 Qxg5 81.Qc4 Qe3+ 82.Kh4 g5+ 83.Kh5 Qh3+ 84.Kxg5 Qh6+ 85.Kf5 Qe6+  0-1

[Event "Foxwoods Open"]
[Site "Ledyards USA"]
[Date "2006.04.16"]
[Round "9"]
[White "Ivanov,AV USA"]
[Black "Margvelashvili,G"]
[Result "1-0"]
[WhiteElo "2588"]
[BlackElo "2441"]

1.e4 c6 2.d4 d5 3.e5 Bf5 4.Be3 e6 5.Nd2 Nd7 6.Be2 Ne7 7.Ngf3 Qb6 8.Nb3 Bg6
9.O-O Nf5 10.Bd2 Qd8 11.Ba5 b6 12.Bd2 a5 13.a4 Be7 14.c4 O-O 15.h3 Nb8 16.Rc1 Nh4
17.Nxh4 Bxh4 18.cxd5 cxd5 19.Bb5 Na6 20.Qe2 Nb4 21.Bxb4 axb4 22.Rc6 Rc8 23.Rfc1 Rxc6
24.Rxc6 Bf5 25.Bd3 Qa8 26.Rxb6 Qxa4 27.Bxf5 Bd8 28.Bxh7+ Kxh7 29.Qd3+ g6
30.Ra6 Qd7 31.Nc5 Qe7 32.Qd2 Qh4 33.Qxb4 Be7 34.Qc3 Rb8 35.Ra7 Kg8 36.g3 Qg5
37.h4  1-0

[Event "Sudbury Fall Classic Open"]
[Site "Marlborough USA"]
[Date "2006.10.20"]
[Round "1"]
[White "Davey,Mat"]
[Black "Ivanov,AV USA"]
[Result "0-1"]
[WhiteElo "2165"]
[BlackElo "2587"]

1.e4 g6 2.d4 Bg7 3.Nf3 d6 4.h3 Nf6 5.Nc3 O-O 6.Be3 Nbd7 7.Qd2 e5 8.dxe5 dxe5
9.Rd1 Qe7 10.Bc4 Nb6 11.Bb3 c5 12.a3 Bd7 13.Qd6 Qxd6 14.Rxd6 c4 15.Ba2 Na4
16.Nxe5 Nxc3 17.bxc3 Ba4 18.Rd4 b5 19.Kd2 Rfe8 20.f4 Nh5 21.g4 Nxf4 22.Bxf4 Bxe5
23.Bxe5 Rxe5 24.Rf1 Rae8 25.Rf4 R8e7 26.Bb1 h5 27.Ke3 Kg7 28.Kf3 Kh6 29.Kg3 hxg4
30.hxg4 g5 31.Rf6+ Kg7 32.Rf5 f6 33.Kf3 Kg6 34.Rd6 R5e6 35.Rd4 Rh7 36.Kg2 Rh4
37.e5 Rxg4+ 38.Rxg4 Kxf5 39.Rd4 Rxe5 40.Kf2 g4 41.Rd6 Kg5 42.Ra6 f5 43.Rxa7 Kf4
44.Ba2 g3+ 45.Kg2 Re2+ 46.Kf1 Kf3  0-1

[Event "Sudbury Fall Classic Open"]
[Site "Marlborough USA"]
[Date "2006.10.21"]
[Round "2"]
[White "Ivanov,AV USA"]
[Black "Yanayt,E"]
[Result "1-0"]
[WhiteElo "2587"]
[BlackElo "2261"]

1.e4 c5 2.Nf3 d6 3.c3 Nf6 4.Bd3 Nc6 5.Bc2 Bg4 6.d3 e6 7.Nbd2 Be7 8.h3 Bh5
9.Nf1 O-O 10.Ng3 Bxf3 11.Qxf3 d5 12.O-O d4 13.c4 a6 14.Qe2 Nd7 15.f4 Bh4
16.Qf3 Bxg3 17.Qxg3 f5 18.exf5 exf5 19.Bd2 Nf6 20.a3 Qd6 21.Rae1 Rae8 22.Ba4 Re7
23.Rxe7 Nxe7 24.b4 b6 25.Qf3 Rb8 26.Re1 Ng6 27.g4 fxg4 28.hxg4 Rf8 29.g5 Nd7
30.Qc6 Qxc6 31.Bxc6 Nb8 32.Bd5+ Kh8 33.Re6 cxb4 34.axb4 a5 35.Rxb6 a4 36.Rb7 a3
37.Ra7  1-0

[Event "Sudbury Fall Classic Open"]
[Site "Marlborough USA"]
[Date "2006.10.22"]
[Round "4"]
[White "Curdo,J"]
[Black "Ivanov,AV USA"]
[Result "0-1"]
[WhiteElo "2208"]
[BlackElo "2587"]

1.e4 b6 2.Nc3 Bb7 3.d4 e6 4.Bd3 Nf6 5.Qe2 Bb4 6.Nf3 d5 7.exd5 Nxd5 8.Bd2 Nxc3
9.bxc3 Be7 10.Ne5 O-O 11.Qh5 f5 12.O-O Nd7 13.Rfe1 Nxe5 14.Rxe5 Bf6 15.Re2 Qd5
16.Qh3 c5 17.dxc5 bxc5 18.c4 Qxg2+ 19.Qxg2 Bxg2 20.Rb1 Bf3 21.Rxe6 Rad8 22.Ba5 Rd4
23.Bc7 Rg4+ 24.Kf1 Bd4 25.Rb8 Rg2 26.Rxf8+ Kxf8 27.Bxf5 Rxf2+ 28.Ke1 Rg2
29.Bd6+ Kf7 30.Re7+ Kf6 31.c3 Bxc3+  0-1

[Event "90th ch-Marshall CC"]
[Site "New York USA"]
[Date "2006.12.01"]
[Round "1"]
[White "Ivanov,AV USA"]
[Black "Sena,J"]
[Result "1-0"]
[WhiteElo "2587"]
[BlackElo "2187"]

1.e4 e6 2.d4 d5 3.Nd2 Nf6 4.e5 Nfd7 5.c3 c5 6.f4 Nc6 7.Ndf3 cxd4 8.cxd4 Bb4+
9.Kf2 f6 10.g3 Qb6 11.Kg2 O-O 12.Bd3 f5 13.Ne2 Ndb8 14.Rg1 Na6 15.Kh1 Nc7
16.g4 Bd7 17.Qf1 Na5 18.Qg2 Ne8 19.Ng5 Be7 20.gxf5 Bxg5 21.fxe6 Bb5 22.Bxb5 Qxb5
23.fxg5 Nc7 24.g6 h6 25.e7 Rfe8 26.b3 Qb4 27.Bg5 Nc6 28.Qf2 Kh8 29.Bxh6  1-0

[Event "33rd Annual Eastern Open"]
[Site "Washington DC USA"]
[Date "2006.12.29"]
[Round "6"]
[White "Heimann,M"]
[Black "Ivanov,AV USA"]
[Result "0-1"]
[WhiteElo "2265"]
[BlackElo "2587"]

1.Nf3 b6 2.g3 Bb7 3.Bg2 g6 4.O-O Bg7 5.d3 d5 6.e4 dxe4 7.Nfd2 Nc6 8.dxe4 Qd7
9.Nf3 O-O-O 10.Qxd7+ Rxd7 11.c3 e6 12.Re1 h6 13.Na3 g5 14.h3 Nge7 15.Be3 Rhd8
16.Nc2 Ng6 17.Nfd4 Nce5 18.b3 c5 19.Ne2 Nd3 20.Rf1 Ba6 21.Rfb1 Nb2  0-1

[Event "Eastern Class Championships"]
[Site "Sturbridge USA"]
[Date "2007.03.11"]
[Round "4"]
[White "Ivanov,AV USA"]
[Black "Bournival,B"]
[Result "1-0"]
[WhiteElo "2577"]
[BlackElo "2241"]

1.e4 c6 2.d4 d5 3.e5 c5 4.c4 cxd4 5.Nf3 Bg4 6.Qa4+ Bd7 7.Qb3 dxc4 8.Bxc4 e6
9.Nxd4 Nc6 10.Nxc6 Bxc6 11.O-O Bc5 12.Nc3 a6 13.Bf4 Ne7 14.Rad1 Qc7 15.Qc2 Ng6
16.Bg3 Rc8 17.Bb3 O-O 18.Rfe1 Bb4 19.a3 Ba5 20.Ba2 Bb5 21.Re3 Bb6 22.Ree1 Ba5
23.Rc1 Bxc3 24.bxc3 Bc4 25.Bb1 Rfd8 26.Re3 Qa5 27.Qb2 Rc5 28.Qb4 Qc7 29.a4 Rd2
30.h4 Ne7 31.Be4 Nd5 32.Bxd5 Rcxd5 33.Re4 Rd1+ 34.Rxd1 Rxd1+ 35.Kh2 Bd5 36.Rg4 h5
37.Rg5 g6 38.a5 Qc4 39.Qxc4 Bxc4 40.Bf4 Ra1 41.g4 hxg4 42.Rxg4 Rxa5 43.Bg5 Bd5
44.Rd4 b5 45.Rd1 Ra2 46.Kg1 a5 47.c4 bxc4 48.Rb1  1-0

[Event "9th Open"]
[Site "Foxwoods USA"]
[Date "2007.04.07"]
[Round "6"]
[White "Riordan,C"]
[Black "Ivanov,AV USA"]
[Result "0-1"]
[WhiteElo "2270"]
[BlackElo "2565"]

1.d4 g6 2.e4 Bg7 3.Nf3 d6 4.Bc4 Nf6 5.Qe2 O-O 6.e5 dxe5 7.dxe5 Nd5 8.h3 Be6
9.O-O Nd7 10.Bd2 c6 11.Re1 a5 12.Nc3 N7b6 13.Bxd5 Nxd5 14.Ne4 Qc7 15.Nc5 Bc8
16.c4 Nb4 17.Bc3 b6 18.Ne4 c5 19.Qd2 Rd8 20.Qg5 Bf5 21.Qh4 h6 22.Nf6+ exf6
23.exf6 Bf8 24.Re7 Rd7 25.Rae1 Nc6 26.g4 g5 27.Nxg5 hxg5 28.Qxg5+ Bg6 29.h4 Rxe7
30.fxe7 Bxe7 31.Qh6 Nd4  0-1

[Event "35th World Open"]
[Site "King of Prussia USA"]
[Date "2007.06.03"]
[Round "7"]
[White "Ivanov,AV USA"]
[Black "Simutowe,A"]
[Result "1-0"]
[WhiteElo "2565"]
[BlackElo "2419"]

1.e4 c6 2.d4 d5 3.e5 Bf5 4.h4 h5 5.c4 dxc4 6.Bxc4 e6 7.Nc3 Nd7 8.Bg5 Be7
9.Qd2 Nb6 10.Bb3 Qd7 11.Nf3 Nh6 12.O-O a5 13.a3 a4 14.Ba2 Rd8 15.Qf4 Bg6
16.Bxh6 Rxh6 17.Rfd1 Bf5 18.Ng5 Rg6 19.Nxf7 Rg4 20.Qf3 Ra8 21.g3 Nc8 22.Nh8 Nb6
23.Bb1 g6 24.Qe3 Bxh4 25.Bxf5 gxf5 26.Qh6 Qg7 27.Qxe6+ Be7 28.Qxf5 Qxh8 29.e6 Qf6
30.Qxh5+ Qg6 31.Qh8+ Qg8 32.Qh5+ Qg6 33.Qe5 Rg5 34.Qc7 Bd8 35.Qf4 Rg4 36.Qf3 Ra5
37.d5 Nxd5 38.Nxd5 Rxd5 39.Rxd5 Qxe6 40.Rdd1  1-0

[Event "35th World Open"]
[Site "King of Prussia USA"]
[Date "2007.06.04"]
[Round "9"]
[White "Ivanov,AV USA"]
[Black "Friedel,J"]
[Result "1-0"]
[WhiteElo "2565"]
[BlackElo "2474"]

1.e4 e5 2.Nf3 Nc6 3.Bb5 Nf6 4.O-O Nxe4 5.d4 Nd6 6.Bxc6 dxc6 7.dxe5 Nf5 8.Qxd8+ Kxd8
9.Nc3 h6 10.h3 Bd7 11.b3 Kc8 12.Bb2 b6 13.Rad1 Ne7 14.Nh2 Ng6 15.f4 h5 16.Ne4 Bf5
17.Rde1 Kb7 18.g4 hxg4 19.hxg4 Bxe4 20.Rxe4 Bc5+ 21.Kg2 Rad8 22.Bc3 Rh7 23.Be1 Nh4+
24.Bxh4 Rxh4 25.Kg3 Rdh8 26.Nf3 Rh3+ 27.Kg2 g6 28.Rd1 Kc8 29.Ree1 b5 30.Rh1 Rxh1
31.Rxh1 Rxh1 32.Kxh1 Be3 33.f5 gxf5 34.gxf5 Kd7 35.Kg2 Ke7 36.Kf1 Kd7 37.Ke2 Bc1
38.Kd3 c5 39.c4 a6 40.Ke4 c6 41.Ne1 bxc4 42.bxc4 Bb2 43.Nd3 Bd4 44.f6 Bg1
45.Kf5 Be3 46.Nf4 Ke8 47.Nh5  1-0

[Event "129th ch-New York State"]
[Site "New York USA"]
[Date "2007.09.03"]
[Round "5"]
[White "Filipovich,D"]
[Black "Ivanov,AV USA"]
[Result "0-1"]
[WhiteElo "2216"]
[BlackElo "2547"]

1.Nf3 g6 2.g3 Bg7 3.Bg2 e5 4.O-O Ne7 5.c4 c6 6.Nc3 d5 7.cxd5 cxd5 8.d4 e4
9.Ne1 Nbc6 10.e3 O-O 11.f4 h5 12.Rf2 Bg4 13.Qa4 h4 14.Rc2 hxg3 15.hxg3 Nf5
16.Qb5 Ncxd4 17.exd4 Bxd4+ 18.Rf2 Rc8 19.Nc2 Bxf2+ 20.Kxf2 d4  0-1

[Event "FKB ch-USA Qualifier"]
[Site "Tulsa USA"]
[Date "2008.03.28"]
[Round "2"]
[White "Andrews,T"]
[Black "Ivanov,AV USA"]
[Result "0-1"]
[WhiteElo "2312"]
[BlackElo "2554"]

1.e4 g6 2.d4 Bg7 3.Nf3 d6 4.Nc3 c6 5.a4 Bg4 6.Be2 d5 7.Be3 e6 8.O-O Ne7 9.Re1 O-O
10.a5 Nd7 11.Qd2 Re8 12.h3 Bxf3 13.Bxf3 dxe4 14.Nxe4 Nf5 15.a6 b6 16.c3 Nxe3
17.Qxe3 Qc7 18.Red1 Rad8 19.h4 h6 20.c4 c5 21.dxc5 Nxc5 22.Nxc5 bxc5 23.Rab1 h5
24.Bb7 Bxb2 25.Rxd8 Rxd8 26.Bf3 Rb8 27.Qg5 Kg7 28.Qd2 Qe5 29.Re1 Qc3 30.Qxc3+ Bxc3
31.Rc1 Rb3 32.Bc6 Bf6 33.Rd1 Bd4 34.Rd2 Rc3 35.Bb5 Rc1+ 36.Kh2 Rf1 37.Kg3 e5
38.Kf3 Rh1 39.Ke4 Rxh4+ 40.Kd5 Rh2 41.Kc6 Rxg2 42.Kb7 h4 43.Kxa7 h3 44.Bc6 Rg1
45.Kb7 Rb1+ 46.Kc7 Ra1 47.Kb7 f5 48.Rd3 Rb1+ 49.Kc8 Ra1 50.Kb7 Bxf2 51.Rxh3 e4
52.a7 g5 53.Rh1 e3 54.Bf3 g4 55.Be2 Kg6 56.Rh8 g3 57.Rg8+ Kf7 58.Rg5 Kf6
59.Rg8 Ke5 60.a8=Q Rxa8 61.Kxa8 Kd4 62.Kb7 Kc3 63.Kc6 Kd2 64.Bf3 e2  0-1

[Event "World Open"]
[Site "Philadelphia USA"]
[Date "2008.07.03"]
[Round "2"]
[White "Sarkar,J"]
[Black "Ivanov,AV USA"]
[Result "0-1"]
[WhiteElo "2416"]
[BlackElo "2567"]

1.d4 Nf6 2.c4 e6 3.Nc3 Bb4 4.Qc2 c5 5.dxc5 O-O 6.a3 Bxc5 7.Nf3 b6 8.Bf4 Nh5
9.Bg5 Be7 10.h4 Bb7 11.Rd1 h6 12.Bc1 Nf6 13.e4 Ng4 14.Bf4 f5 15.e5 a6 16.Nd4 Qc7
17.Qe2 Bc5 18.b4 Bxd4 19.Rxd4 d5 20.f3 Nc6 21.Rd1 Ngxe5 22.b5 axb5 23.cxb5 Nd4
24.Qxe5 Qxc3+ 25.Kf2 Nxb5 26.Qxe6+ Rf7 27.Qxb6 Nxa3 28.Bd3 Nc4 29.Qe6 Ra6
30.Qe8+ Rf8 31.Qe7 Qd4+ 32.Kf1 Qxf4 33.Qxb7 Ne3+ 34.Kf2 Ra2+ 35.Be2 Ng4+
36.Kf1 Rxe2 37.Qxd5+ Kh8 38.Qd4 Rf2+ 39.Kg1 Qg3  0-1